El trueno entre las hojas

Kaydedildi:
Detaylı Bibliyografya
Yazar: Roa Bastos, Augusto (Yazar)
Materyal Türü: Kitap
Dil:İspanyolca
Baskı/Yayın Bilgisi: Buenos Aires Losada 1961
Seri Bilgileri:Novelistas de nuestra época
Konular:
Etiketler: Etiketle
Etiket eklenmemiş, İlk siz ekleyin!

MARC

LEADER 00000nam a2200000 a 4500
001 UCQ1940
003 CL-VaPUC
008 980721e19610000AG |||||||||||||||||spa|d
082 0 4 |a Pa863  |b ROA  |2 21 
100 0 |a Roa Bastos, Augusto  |e author  |9 376695 
245 1 3 |a El trueno entre las hojas 
300 |a 222 p 
942 |c BK 
945 |d 19980721 00:00:00  |a lriquelm 
260 |a Buenos Aires  |b Losada  |c 1961 
650 7 |a CUENTOS PARAGUAYOS  |2 CL-VaPUC  |9 337414 
650 7 |a LITERATURA PARAGUAYA  |2 CL-VaPUC  |9 321704 
583 |a last modification  |c 19980721 00:00:00  |k Rodrigo Vera 
490 0 |a Novelistas de nuestra época 
999 |c 272783  |d 272781 
952 |0 0  |1 0  |4 0  |6 PA_863_000000000000000_ROA_1961  |7 0  |8 A  |9 307940  |a BIBEDU  |b BIBEDU  |d 2019-11-20  |i 1438263  |o Pa863 ROA 1961  |p 1438263  |r 2019-11-20  |w 2019-11-20  |y BK  |k LIT